| 000 | 01419cam a2200577 4500 | ||
|---|---|---|---|
| 008 | 090401t1995 xxu||||| |||| 00| 0 eng d | ||
| 020 | _a1898802017 | ||
| 035 | _a(Sirsi) u21958 | ||
| 041 | _aeng | ||
| 050 | _a332.673 | ||
| 110 |
_aEuropean Bank for Reconstruction and Development _93028 |
||
| 245 | _aEconomic transition in Eastern Europe and the Former Soviet Union: transition report update. | ||
| 260 |
_aLondon _bEuropean Bank for Reconstruction and Dev _c1995 |
||
| 300 | _a70p. ; 30cm. | ||
| 350 | _a0 | ||
| 650 | _aALBANIA | ||
| 650 | _aARMENIA | ||
| 650 | _aAZERBAIJAN | ||
| 650 | _aBELARUS | ||
| 650 | _aBULGARIA | ||
| 650 | _aCROATIA | ||
| 650 | _aCZECH REPUBLIC | ||
| 650 | _aEASTERN EUROPE | ||
| 650 | _aEMPLOYMENT | ||
| 650 | _aESTONIA | ||
| 650 | _aFOREIGN INVESTMENT | ||
| 650 | _aGEORGIA | ||
| 650 | _aHUNGARY | ||
| 650 | _aINFLATION | ||
| 650 | _aKAZAKHSTAN | ||
| 650 | _aKYRGYZSTAN | ||
| 650 | _aLATVIA | ||
| 650 | _aLITHUANIA | ||
| 650 | _aMACEDONIA | ||
| 650 | _aMOLDOVA | ||
| 650 | _aPOLAND | ||
| 650 | _aPRIVATISATION | ||
| 650 | _aROMANIA | ||
| 650 | _aRUSSIA | ||
| 650 | _aSLOVAK REPUBLIC | ||
| 650 | _aSLOVENIA | ||
| 650 | _aTAJIKISTAN | ||
| 650 | _aTAXATION | ||
| 650 | _aTRADE | ||
| 650 | _aTURKMENISTAN | ||
| 650 | _aUKRAINE | ||
| 650 | _aUZBEKISTAN | ||
| 690 | _aOVERSEAS-EUROPE | ||
| 942 | _n0 | ||
| 948 | _c04/03/1997 | ||
| 999 |
_c88097 _d88097 |
||